[Event "Match"]
[Site "www.echecsemail.com"]
[Date "2015.07.20"]
[Round "1"]
[White "Generalfree"]
[Black "Gatoss"]
[WhiteElo "1800"]
[BlackElo "1910"]
[Result "1-0"]
[Round "1"]
1.e4 c5
2.c3 Ng8f6
3.f3 e6
4.d4 cxd4
5.cxd4 Nb8c6
6.Bc1e3 Bf8e7
7.a3 a6
8.Nb1c3 h6
9.Bf1d3 O-O
10.Qd1d2 b5
11.e5 Nf6e8
12.Ng1e2 f6
13.Ne2g3 fxe5
14.dxe5 Nc6xe5
15.Bd3e4 Ra8b8
16.Be3a7 Be7g5
17.Qd2f2 d5
18.Ba7xb8 dxe4
19.Bb8xe5 e3
20.Qf2e2 Qd8b6
21.Nc3e4 Bg5h4
22.O-O  { time }
1-0

[Event "Match"]
[Site "www.echecsemail.com"]
[Date "2015.07.20"]
[Round "1"]
[White "Kcriss"]
[Black "Ketchuplover"]
[WhiteElo "1699"]
[BlackElo "1940"]
[Result "1/2-1/2"]
[Round "1"]
1.e4 c5
2.Ng1f3 Nb8c6
3.Nb1c3 d6
4.Bf1c4 e6
5.O-O Ng8f6
6.d4 cxd4
7.Nf3xd4 Bc8d7
8.Rf1e1 Bf8e7
9.Nd4f5 exf5
10.exf5 Bd7xf5
11.Bc1f4 O-O
12.Bc4b3 a6
13.Nc3d5 Nf6xd5
14.Bb3xd5 Ra8c8
15.c3 Be7f6
16.Bf4xd6 Rf8e8
17.Re1xe8 Qd8xe8
18.Qd1f3 Bf5g6
19.Ra1d1 Rc8d8
20.Bd6c7 Rd8xd5
21.Qf3xd5 h6
22.Kf1 Bg6e4
23.Rd1e1 Be4xd5
24.Re1xe8 Kh7
25.a3 Bd5c4
26.Ke1 Nc6e7
27.Bc7d8 Bc4b5
28.Re8xe7 Bf6xe7
{ draw }
1/2-1/2

[Event "Match"]
[Site "www.echecsemail.com"]
[Date "2015.07.20"]
[Round "1"]
[White "Acucar1"]
[Black "Billyg"]
[WhiteElo "1430"]
[BlackElo "1590"]
[Result "1-0"]
[Round "1"]
1.e4 e6
2.d3 Qd8e7
3.Nb1c3 d5
4.Ng1f3 Nb8c6
5.d4 h6
6.a3 a6
7.e5 Bc8d7
8.b4 O-O-O
9.Bf1e2 g5
10.g4 f6
11.h3 f5
12.gxf5 exf5
13.Nc3xd5 Qe7f7
14.Be2c4 Qf7e8
15.Qd1e2 g4
16.hxg4 fxg4
17.Nf3h4 Nc6xd4
18.Qe2d2 Qe8xe5
19.Kd1 g3
20.Bc1b2 Qe5h5
21.Kc1 Nd4f3
22.Qd2e3 Bd7c6
23.Nd5f4 Qh5g4
24.Bc4e6 Kb8
25.Be6xg4 Rd8e8
26.Qe3d3 Nf3e5
27.Bb2xe5 Rh8h7
28.Rh1e1 Rh7d7
29.Qd3g6 Ng8e7
30.Qg6xe8 Ne7c8
31.Qe8xf8 Rd7e7
32.Be5d4 Re7e4
33.Bd4e3 Re4e8
34.Qf8xh6 Nc8e7
35.fxg3 Ne7g8
36.Qh6g7 b6
37.Qg7g6 Ng8e7
38.Qg6d3 Bc6b5
39.c4 Bb5a4
40.Nf4e6 b5
41.c5 Ne7c6
42.Qd3d7 { resign }
1-0

[Event "Match"]
[Site "www.echecsemail.com"]
[Date "2015.07.20"]
[Round "1"]
[White "Ditto"]
[Black "Sorren"]
[WhiteElo "1620"]
[BlackElo "1840"]
[Result "1-0"]
[Round "1"]
1.d4 Ng8f6
2.c4 e6
3.Ng1f3 b6
4.Bc1g5 Bc8b7
5.e3 Bf8e7
6.Bf1d3 d5
7.O-O Nb8d7
8.Qd1b3 O-O
9.Nb1d2 h6
10.Bg5f4 c5
11.Rf1e1 Rf8e8
12.Qb3c2 Ra8c8
13.dxc5 Nd7xc5
14.cxd5 Nf6xd5
15.Bf4e5 Nd5b4
16.Bd3h7 Kh8
17.Bh7e4 Nb4xc2
18.Be4xc2 Be7f6
19.Be5g3 Bf6xb2
20.Ra1b1 Bb2c3
21.Re1d1 Bc3xd2
22.Rd1xd2 Qd8e7
23.Bg3d6 Qe7f6
24.Bd6e5 Qf6e7
25.Rd2d4 Bb7xf3
26.gxf3 Re8d8
27.Rd4g4 f6
28.Be5b2  { time }
1-0

[Event "Match"]
[Site "www.echecsemail.com"]
[Date "2015.07.20"]
[Round "1"]
[White "Pare123"]
[Black "Generalfree"]
[WhiteElo "2030"]
[BlackElo "1780"]
[Result "1-0"]
[Round "1"]
1.c4 c5
2.Nb1c3 e6
3.e4 d6
4.Ng1f3 Bf8e7
5.Bf1e2 h6
6.O-O Ng8f6
7.d3 a6
8.Bc1f4 g5
9.Bf4g3 e5
10.h3 b5
11.cxb5 axb5
12.a3 Bc8d7
13.Qd1b3 Qd8b6
14.a4 Ra8a5
15.axb5 Bd7e6
16.Qb3c2 Be6d7
17.Ra1xa5 Qb6xa5
18.Qc2b3 Bd7e6
19.Qb3a4 Qa5xa4
20.Nc3xa4 Nb8d7
21.b6 O-O
22.Rf1b1 Rf8b8
23.Be2d1 Nd7xb6
24.Na4xb6 Rb8xb6
25.Nf3d2 Be6a2
26.Rb1a1 Rb6xb2
27.Nd2c4 Ba2xc4
28.dxc4 Nf6xe4
29.Bd1f3 Ne4d2
30.Bf3d5 Rb2c2
31.Ra1a7 Rc2c1
32.Kh2 Nd2xc4
33.Ra7xe7 Nc4b6
34.Bd5xf7 Kf8
35.Re7b7 Nb6a4
36.Bf7h5 Na4c3
37.Rb7f7 { resign }
1-0

[Event "Match"]
[Site "www.echecsemail.com"]
[Date "2015.07.20"]
[Round "1"]
[White "Levelibeka"]
[Black "Mdesouza"]
[WhiteElo "2570"]
[BlackElo "2210"]
[Result "0-1"]
[Round "1"]
1.e4 e5
2.Ng1f3 Nb8c6
3.Bf1b5 a6
4.Bb5a4 Ng8f6
5.d3 b5
6.Ba4b3 Bf8e7
7.h3 O-O
8.O-O h6
9.c3 d6
10.Bc1e3 Bc8e6
11.Bb3xe6 fxe6
12.Nb1d2 d5
13.Qd1c2 Qd8e8
14.Rf1c1 Be7d6
15.b4 Ra8c8
16.a4 Nc6b8
17.Ra1a2 c6
18.Rc1a1 Nf6h5
19.axb5 cxb5
20.Qc2b3 Qe8c6
21.exd5 exd5
22.d4 e4
23.Nd2xe4 Bd6f4
24.Ne4c5 Kh8
 { time }
0-1

[Event "Match"]
[Site "www.echecsemail.com"]
[Date "2015.07.20"]
[Round "1"]
[White "Geodad5"]
[Black "Levelibeka"]
[WhiteElo "2130"]
[BlackElo "2570"]
[Result "1-0"]
[Round "1"]
1.e4 c5
2.Ng1f3 d6
3.d4 cxd4
4.Nf3xd4 Ng8f6
5.Nb1c3 a6
6.Bf1e2 e5
7.Nd4b3 Bf8e7
8.O-O O-O
9.Bc1e3 Bc8e6
10.h3 Nb8d7
11.Qd1d2 b5
12.Ra1d1 Ra8c8
13.Be2f3 Nd7b6
14.Be3xb6 Qd8xb6
15.Nc3e2 Rf8d8
16.Ne2g3 g6
17.Nb3c1 d5
18.exd5 Nf6xd5
19.Qd2e1 Rc8xc2
20.Bf3xd5 Be6xd5
21.b3 f6
22.Kh2 a5
23.Ng3e2  { time }
1-0

[Event "Match"]
[Site "www.echecsemail.com"]
[Date "2015.07.20"]
[Round "1"]
[White "Guidom"]
[Black "Levelibeka"]
[WhiteElo "2070"]
[BlackElo "2570"]
[Result "0-1"]
[Round "1"]
1.e4 c5
2.Ng1f3 d6
3.d4 cxd4
4.Nf3xd4 Ng8f6
5.Nb1c3 a6
6.Bf1d3 e5
7.Nd4e2 Bc8e6
8.O-O Nb8d7
9.Bc1g5 Bf8e7
10.h3 O-O
11.Kh1 Nd7c5
12.f4 exf4
13.Ne2xf4 Be6d7
14.Qd1e2 h6
15.Bg5xf6 Be7xf6
16.Nf4d5 Bf6e5
17.Rf1f3 Nc5e6
18.Qe2e3 Rf8e8
19.Ra1f1 Be5d4
20.Qe3d2 Ne6g5
21.Rf3g3 Ra8c8
22.h4 Ng5xe4
23.Bd3xe4 Qd8xh4
24.Rg3h3 Bd4xc3
25.Rh3xh4 Bc3xd2
26.Be4d3 Bd7c6
27.Nd5b4 Bd2xb4
28.Rh4xb4 Re8e5
29.Bd3f5 Rc8e8
30.Bf5h3 Re5e2
31.c3 h5
32.Kg1 a5
33.Rb4b3 g5
34.Rf1f2 g4
35.Bh3xg4 hxg4
36.g3 Re2e3
37.Kh2 Re3e1
{ resign }
0-1

[Event "Match"]
[Site "www.echecsemail.com"]
[Date "2015.07.20"]
[Round "1"]
[White "Levelibeka"]
[Black "Libiesse"]
[WhiteElo "2570"]
[BlackElo "2020"]
[Result "0-1"]
[Round "1"]
1.e4 c5
2.d4 cxd4
3.c3 dxc3
4.Nb1xc3 Nb8c6
5.Ng1f3 e6
6.Bc1f4 a6
7.Bf1e2 d6
8.O-O Bf8e7
9.e5 d5
10.Qd1c1 Qd8c7
11.a3 Nc6a5
12.Qc1d1 b5
13.Ra1c1 Qc7d7
14.a4 Na5c4
15.axb5 Ra8b8
16.bxa6 Bc8xa6
17.b3 Nc4b2
18.Qd1c2 Ba6xe2
19.Nc3xe2 Be7a3
20.Rc1a1 Rb8c8
21.Qc2b1 Qd7e7
22.Ne2d4 Rc8b8
 { time }
0-1

[Event "Match"]
[Site "www.echecsemail.com"]
[Date "2015.07.20"]
[Round "1"]
[White "Sik"]
[Black "Fangshuo"]
[WhiteElo "1650"]
[BlackElo "2050"]
[Result "0-1"]
[Round "1"]
1.e4 e6
2.d4 d5
3.e5 c5
4.c3 Nb8c6
5.Ng1f3 Qd8b6
6.b3 cxd4
7.cxd4 Bf8b4
8.Ke2 Bc8d7
9.Bc1b2 Ng8h6
10.g3 Nh6f5
11.Bf1h3 Bb4a5
12.Kf1 O-O
13.Kg2 h5
14.a3 Qb6d8
15.Bh3xf5 exf5
16.b4 Ba5c7
17.Nb1c3 Bd7e6
18.Rh1g1 f6
19.exf6 Rf8xf6
20.Nf3g5 h4
21.Ng5xe6 Rf6xe6
22.Qd1f3 hxg3
23.hxg3 Nc6xd4
24.Qf3xd5 Bc7e5
25.Qd5a2 Qd8d6
26.Ra1d1 Qd6c6
27.Kf1 Kf7
28.Nc3d5 Qc6c2
29.Nd5e3 Qc2e2
30.Kg2 Be5xg3
31.Rd1f1 Qe2f3
{ resign }
0-1

[Event "Match"]
[Site "www.echecsemail.com"]
[Date "2015.07.20"]
[Round "1"]
[White "Numanoid"]
[Black "Levelibeka"]
[WhiteElo "2590"]
[BlackElo "2570"]
[Result "1-0"]
[Round "1"]
1.e4 c5
2.Ng1f3 d6
3.d4 cxd4
4.Nf3xd4 Ng8f6
5.Nb1c3 a6
6.Bc1g5 e5
7.Bg5xf6 Qd8xf6
8.Nc3d5 Qf6d8
9.Nd4f5 g6
10.Nf5e3 Bc8e6
11.Bf1d3 Bf8h6
12.O-O O-O
13.Rf1e1 Nb8d7
14.c3 Ra8c8
15.a4 Kh8
16.a5  { time }
1-0

[Event "Match"]
[Site "www.echecsemail.com"]
[Date "2015.07.20"]
[Round "1"]
[White "Levelibeka"]
[Black "Goofy"]
[WhiteElo "2570"]
[BlackElo "2220"]
[Result "0-1"]
[Round "1"]
1.e4 c5
2.d4 cxd4
3.c3 Ng8f6
4.e5 Nf6d5
5.cxd4 d6
6.Ng1f3 Nb8c6
7.Nb1c3 Nd5b6
8.e6 fxe6
9.Nf3g5 Nb6d5
10.Bf1d3 Nd5f6
11.O-O g6
12.Rf1e1 Bf8g7
13.Bd3b5 O-O
14.Ng5xe6 Bc8xe6
15.Re1xe6 a6
16.Bb5a4 b5
17.Ba4b3 Kh8
18.Re6e1 Qd8c7
 { time }
0-1

[Event "Match"]
[Site "www.echecsemail.com"]
[Date "2015.07.20"]
[Round "1"]
[White "Reanna"]
[Black "Wildtiger"]
[WhiteElo "1590"]
[BlackElo "1620"]
[Result "1/2-1/2"]
[Round "1"]
1.c4 Ng8f6
2.d4 e5
3.dxe5 Nf6g4
4.Bc1f4 Nb8c6
5.e3 Qd8e7
6.Qd1xg4 d6
7.Qg4g3 dxe5
8.Bf4g5 Qe7d6
9.Nb1c3 Bc8f5
10.Ra1d1 Qd6b4
11.Bf1e2 Qb4xb2
12.e4 Bf5g6
13.Nc3d5 Bf8d6
14.Nd5f6 gxf6
15.Bg5xf6 Rh8g8
16.Ng1f3 Qb2xa2
17.Be2d3 Bd6c5
18.Nf3xe5 Nc6xe5
19.Qg3xe5 Kd7
20.Qe5xc5 Kc8
21.O-O Qa2a6
22.Qc5e7 Qa6d6
23.c5 Qd6xe7
24.Bf6xe7 Rg8e8
25.Be7f6 a5
26.f3 Re8e6
27.e5 Bg6xd3
28.Rd1xd3 Re6e8
29.f4 Ra8a6
30.Rf1d1 b6
31.c6 Kb8
32.Rd3d8 Re8xd8
33.Rd1xd8 Ka7
34.Rd8d7 b5
35.Rd7xc7 Kb6
36.Bf6d8 Kc5
37.Bd8e7 Kc4
38.Rc7c8 a4
39.c7 Ra6c6
{ draw }
1/2-1/2

[Event "Match"]
[Site "www.echecsemail.com"]
[Date "2015.07.20"]
[Round "1"]
[White "Coraza"]
[Black "Alanocturna"]
[WhiteElo "1649"]
[BlackElo "1680"]
[Result "1-0"]
[Round "1"]
1.e4 g6
2.Ng1f3 Bf8g7
3.Bf1c4 Nb8c6
4.Nf3g5 e6
5.d4 Ng8e7
6.O-O O-O
7.c3 d5
8.exd5 exd5
9.Bc4d3 Bg7h6
10.Ng5f3 Bh6xc1
11.Qd1xc1 Ne7f5
12.Bd3xf5 Bc8xf5
13.Nb1d2  { time }
1-0

[Event "Match"]
[Site "www.echecsemail.com"]
[Date "2015.07.20"]
[Round "1"]
[White "Reanna"]
[Black "Acucar1"]
[WhiteElo "1590"]
[BlackElo "1370"]
[Result "0-1"]
[Round "1"]
1.c4 c5
2.e3 e6
3.Bf1e2 Bf8e7
4.d4 Ng8f6
5.Ng1f3 O-O
6.O-O b6
7.Nb1c3 Nb8c6
8.d5 exd5
9.Nc3xd5 Be7d6
10.Nd5xb6 axb6
11.Qd1xd6 Nf6e8
12.Qd6g3 Qd8e7
13.Be2d3 Ne8f6
14.Rf1e1 d6
15.Bc1d2 Rf8e8
16.Qg3h4 Nc6e5
17.Nf3xe5 dxe5
18.Bd2c3 Re8d8
19.Bd3c2 Bc8a6
20.b3 Ra8b8
21.f4 g6
22.Qh4g5 Kf8
 { time }
0-1

[Event "Match"]
[Site "www.echecsemail.com"]
[Date "2015.07.20"]
[Round "1"]
[White "Jafarhayder"]
[Black "Supernovae"]
[WhiteElo "1250"]
[BlackElo "1930"]
[Result "0-1"]
[Round "1"]
1.d4 Ng8f6
2.c4 c5
3.d5 b5
4.b3 d6
5.Ng1f3 g6
6.Nb1c3 Bf8g7
7.Nc3xb5 a6
8.Nb5a3 O-O
9.Bc1b2 Nb8d7
10.Na3c2 Qd8a5
11.Qd1d2 Qa5b6
12.e3 Nf6e4
13.Qd2c1 Bg7c3
14.Bb2xc3 Ne4xc3
15.Bf1d3 Nd7f6
16.Qc1b2 Nf6e4
17.Bd3xe4 Nc3xe4
18.O-O Bc8g4
19.Nc2e1 Ra8b8
20.h3 Bg4xf3
21.Ne1xf3 Qb6b4
22.Rf1d1 Qb4b7
23.Qb2c2 Ne4f6
24.e4 Qb7c7
 { time }
0-1

[Event "Match"]
[Site "www.echecsemail.com"]
[Date "2015.07.20"]
[Round "1"]
[White "Sagara1977"]
[Black "Azulmarino"]
[WhiteElo "1620"]
[BlackElo "1570"]
[Result "1-0"]
[Round "1"]
1.e4 e5
2.Qd1f3 Bf8c5
3.Bf1c4 Ng8f6
4.Nb1c3 c6
5.g4 g5
6.h4 Qd8e7
7.hxg5 Nf6g8
8.Ng1h3 f6
9.gxf6 Ng8xf6
10.d3 Bc5b4
11.Bc1g5 Rh8f8
12.a3 Bb4a5
13.b4 Ba5b6
14.Bg5h6 Rf8h8
15.Nh3g5 d6
16.Ng5f7 Bc8xg4
17.Qf3g2 d5
18.Nf7xh8 dxc4
19.Rh1h4 cxd3
20.Rh4xg4 Nf6xg4
21.Qg2xg4 Qe7f6
22.Qg4g8 Ke7
23.Qg8g7 Qf6xg7
24.Bh6xg7 dxc2
25.Bg7xe5 Nb8d7
26.f4 Bb6e3
27.Nc3a2 Nd7xe5
28.fxe5 Ra8xh8
29.Ke2 Be3f4
30.Kd3 c1Q
31.Na2xc1 Bf4xc1
32.Ra1xc1 h5
33.Kd4 Ke6
34.Rc1c5 h4
35.b5 h3
36.bxc6 bxc6
37.Rc5xc6 Kd7
38.Rc6c1 h2
39.Rc1h1 Ke6
40.a4 a6
41.a5 Rh8h3
42.Kc5 Kxe5
43.Kb6 Kxe4
44.Kxa6 Rh3b3
45.Rh1xh2 Kd5
46.Rh2c2 Rb3b4
47.Ka7 Rb4c4
48.Rc2xc4 Kxc4
49.a6 Kb5
50.Kb7 Ka5
51.a7 Kb5
52.a8Q Kc5
53.Qa8d8 Kc4
54.Kb6 { resign }
1-0

[Event "Match"]
[Site "www.echecsemail.com"]
[Date "2015.07.20"]
[Round "1"]
[White "Reanna"]
[Black "Culiflori"]
[WhiteElo "1590"]
[BlackElo "999"]
[Result "1-0"]
[Round "1"]
1.c4 Ng8f6
2.d3 d5
3.Nb1c3 e6
4.Bc1d2 c5
5.e3 Nb8c6
6.Ng1f3 Bf8d6
7.Bf1e2 Qd8c7
8.Nc3b5 Qc7b8
9.O-O a6
10.Nb5xd6 Qb8xd6
11.Qd1b3 O-O
12.e4 dxe4
13.dxe4 Nf6xe4
14.Bd2c3 Ne4xc3
15.Qb3xc3 e5
16.Rf1d1 Qd6f6
17.Rd1d5 Nc6d4
18.Nf3xd4 exd4
19.Qc3a5 b6
20.Qa5d2 Bc8e6
21.Rd5d6 Ra8b8
22.Be2d3 Qf6e5
23.Rd6c6 Be6d7
24.Ra1e1 Qe5h5
25.Rc6c7 Bd7e6
26.b3 Rf8e8
27.Bd3e4 Qh5h4
28.Be4c6 Re8c8
29.Rc7xc8 Rb8xc8
30.Bc6d5 Be6xd5
31.cxd5 Rc8d8
32.Qd2e2 h6
33.Qe2xa6 Rd8xd5
34.Qa6a8 Qh4d8
35.Re1e8 { resign }
1-0

[Event "Match"]
[Site "www.echecsemail.com"]
[Date "2015.07.20"]
[Round "1"]
[White "Gilliere"]
[Black "Generalfree"]
[WhiteElo "1800"]
[BlackElo "1730"]
[Result "1/2-1/2"]
[Round "1"]
1.e4 e5
2.Ng1f3 Nb8c6
3.Bf1b5 Ng8e7
4.d3 a6
5.Bb5xc6 Ne7xc6
6.O-O Bf8c5
7.Nb1c3 d6
8.h3 b5
9.a3 Nc6d4
10.Nf3xd4 Bc5xd4
11.Bc1d2 c6
12.Ra1b1 Bc8e6
13.Nc3e2 Bd4b6
14.b4 h6
15.Qd1c1 d5
16.Bd2xh6 gxh6
17.Ne2g3 d4
18.Ng3f5 Be6xf5
19.exf5 f6
20.f4 exf4
21.Qc1xf4 a5
22.Rf1e1 Kf7
23.Re1e6 axb4
24.axb4 Qd8d5
25.Re6d6 Bb6c7
26.Rd6xd5 Bc7xf4
27.Rd5d7 Kg8
28.Kf1 Bf4e5
29.g4 h5
30.Kg2 hxg4
31.hxg4 Rh8h2
32.Kf3 Rh2xc2
33.Rb1h1 Rc2h2
34.Rh1xh2 Be5xh2
35.Ke4 Bh2g1
36.Rd7d6 Ra8a4
37.Rd6xc6 Ra4xb4
38.Rc6xf6 Kg7
39.Rf6g6 Kh7
40.Rg6e6 Rb4b1
41.Re6e7 Kg8
{ draw }
1/2-1/2

[Event "Match"]
[Site "www.echecsemail.com"]
[Date "2015.07.20"]
[Round "1"]
[White "Mknittel"]
[Black "Luzhin"]
[WhiteElo "1809"]
[BlackElo "2250"]
[Result "0-1"]
[Round "1"]
1.Ng1f3 d5
2.d4 Ng8f6
3.c4 e6
4.Nb1c3 c5
5.cxd5 Nf6xd5
6.e4 Nd5xc3
7.bxc3 Bf8e7
8.Bf1d3 Nb8c6
9.O-O cxd4
10.cxd4 O-O
11.Bc1b2 b6
 { time }
0-1

[Event "Match"]
[Site "www.echecsemail.com"]
[Date "2015.07.20"]
[Round "1"]
[White "Cardiff"]
[Black "Oxycontin"]
[WhiteElo "1970"]
[BlackElo "2060"]
[Result "0-1"]
[Round "1"]
1.d4 Ng8f6
2.c4 e6
3.Nb1c3 Bf8b4
4.e3 b6
5.Ng1f3 Bc8b7
6.Bf1e2 O-O
7.Bc1d2 d5
8.cxd5 Nf6xd5
9.Nc3xd5 Bb4xd2
10.Qd1xd2 exd5
11.O-O Nb8d7
12.Be2b5 a6
13.Bb5xd7 Qd8xd7
14.Nf3e5 Qd7e7
15.Rf1e1 Rf8d8
16.Ra1c1 c5
17.Ne5f3 Ra8c8
18.Nf3e5 c4
19.b3 b5
20.Qd2c3 b4
21.Qc3d2 c3
22.Qd2d3 f6
23.Ne5f3 Qe7e6
24.h3 a5
25.Re1d1 Bb7a6
26.Qd3b1 { time. }
0-1

[Event "Match"]
[Site "www.echecsemail.com"]
[Date "2015.07.20"]
[Round "1"]
[White "Chapi"]
[Black "Cardiff"]
[WhiteElo "2020"]
[BlackElo "1970"]
[Result "1-0"]
[Round "1"]
1.d4 f5
2.c4 Ng8f6
3.Nb1c3 e6
4.Bc1g5 Bf8b4
5.g3 O-O
6.Bf1g2 c6
7.Ng1f3 d5
8.cxd5 exd5
9.O-O Bb4e7
10.Bg2h3 Nf6e4
11.Bg5xe7 Qd8xe7
12.Nf3e5 Nb8d7
13.Ne5xd7 Bc8xd7
14.f3 Ne4xc3
15.bxc3 Ra8e8
16.Rf1e1 Qe7e3
17.Kf1 Qe3xc3
18.Qd1a4 a5
19.Ra1c1 Qc3b4
20.Qa4xb4 axb4
21.Rc1b1 Re8a8
22.Rb1xb4 b5
23.Re1a1 Ra8a3
24.Rb4b3 Rf8a8
25.Rb3xa3 Ra8xa3
26.Kf2 g6
27.e4 dxe4
28.fxe4 Kf7
29.d5 cxd5
30.exd5 Kf6
31.Bh3g2 b4
32.Ra1b1 Ra3xa2
33.Kf3 Ke5
34.Rb1xb4 Kxd5
35.Rb4h4 h5
36.Bg2f1  { time }
1-0

[Event "Match"]
[Site "www.echecsemail.com"]
[Date "2015.07.20"]
[Round "1"]
[White "Cardiff"]
[Black "Calponas"]
[WhiteElo "1970"]
[BlackElo "2030"]
[Result "0-1"]
[Round "1"]
1.d4 f5
2.g4 fxg4
3.h3 g3
4.fxg3 c5
5.dxc5 Qd8a5
6.c3 Qa5xc5
7.Qd1d4 e5
8.Qd4xc5 Bf8xc5
9.Ng1f3 e4
10.Nf3d4 d5
11.Bc1f4 Nb8c6
12.e3 Ng8f6
13.Nb1d2 O-O
14.Nd2b3 Bc5b6
15.Bf1g2 Bc8d7
16.O-O Ra8c8
17.Kh2 Nf6e8
18.Ra1e1 Nc6xd4
19.exd4 Bd7c6
20.Bf4e5 Rf8xf1
21.Re1xf1 Rc8d8
22.Rf1e1 Ne8f6
23.Nb3d2 Rd8f8
24.Re1f1 Bc6b5
25.Rf1e1 Nf6d7
26.Be5f4 h6
27.h4 g5
28.hxg5 hxg5
29.Bf4xg5 Rf8f2
30.Kg1 { time. }
0-1

[Event "Match"]
[Site "www.echecsemail.com"]
[Date "2015.07.20"]
[Round "1"]
[White "Joseph1983"]
[Black "Glenno"]
[WhiteElo "2200"]
[BlackElo "2290"]
[Result "0-1"]
[Round "1"]
1.e4 e5
2.Ng1f3 Nb8c6
3.d4 exd4
4.Nf3xd4 Bf8c5
5.Bc1e3 Qd8f6
6.c3 Ng8e7
7.Bf1c4 Nc6e5
8.Bc4b3 Qf6g6
9.O-O d6
10.Nb1d2 Bc8h3
11.g3 Bh3xf1
12.Qd1xf1 O-O
13.Kg2 Ne5g4
14.Be3f4 Bc5xd4
15.cxd4 Qg6f6
16.h3 g5
17.e5 dxe5
18.hxg4 gxf4
19.dxe5 Qf6xe5
20.Nd2f3 Qe5xb2
21.gxf4 Ne7g6
22.Kg3 Qb2f6
23.f5 Qf6d6
24.Kg2 Ng6f4
25.Kg1 Qd6d3
26.Qf1xd3 Nf4xd3
27.g5 Nd3c5
28.Bb3c4 Nc5e4
29.g6 hxg6
30.fxg6 Ne4d6
31.gxf7 Kg7
32.Bc4b3 Nd6xf7
{ resign }
0-1

[Event "Match"]
[Site "www.echecsemail.com"]
[Date "2015.07.20"]
[Round "1"]
[White "Micheles"]
[Black "Joseph1983"]
[WhiteElo "2570"]
[BlackElo "2200"]
[Result "1/2-1/2"]
[Round "1"]
1.d4 Ng8f6
2.Ng1f3 e6
3.Bc1g5 Bf8e7
4.Nb1d2 b6
5.e3 Bc8b7
6.Bf1d3 O-O
7.O-O d5
8.Nf3e5 Nf6e4
9.Bg5xe7 Qd8xe7
10.f3 Ne4xd2
11.Qd1xd2 f6
12.Ne5g4 Nb8d7
13.Ra1e1 c5
14.c3 f5
15.Ng4f2 Nd7f6
16.Bd3c2 Bb7a6
17.Bc2d3 Ba6xd3
18.Qd2xd3 c4
19.Qd3e2 Qe7d7
20.e4 Ra8e8
21.e5 Nf6h5
22.g3 g6
{ draw }
1/2-1/2

[Event "Match"]
[Site "www.echecsemail.com"]
[Date "2015.07.20"]
[Round "1"]
[White "Truquine"]
[Black "Pare123"]
[WhiteElo "1759"]
[BlackElo "2030"]
[Result "1-0"]
[Round "1"]
1.Ng1f3 c5
2.e4 Nb8c6
3.Bf1b5 Qd8b6
4.Nb1c3 e6
5.O-O a6
6.Bb5xc6 Qb6xc6
7.d4 d6
8.d5 Qc6c7
9.dxe6 Bc8xe6
10.Nc3d5 Qc7c6
11.Rf1e1 Bf8e7
12.Qd1d3 c4
13.Qd3d2 Ng8f6
14.Nf3d4 Qc6c5
15.b4 cxb3
16.Nd5xe7 Kxe7
17.axb3 Rh8c8
18.Bc1a3 Qc5c7
19.e5 Nf6e8
20.exd6 Ne8xd6
21.Nd4f5 Kf6
22.Nf5xd6 { resign }
1-0

[Event "Match"]
[Site "www.echecsemail.com"]
[Date "2015.07.20"]
[Round "1"]
[White "Harrytheking"]
[Black "Fangshuo1"]
[WhiteElo "1770"]
[BlackElo "1499"]
[Result "0-1"]
[Round "1"]
1.c4 e5
2.e4 Ng8f6
3.d3 c6
4.h3 d5
5.exd5 cxd5
6.Nb1d2 Bf8c5
7.Ng1f3 O-O
8.a3 Nb8c6
9.b4 Bc5b6
10.b5 e4
11.dxe4 dxe4
12.Nf3h2 Qd8d4
13.Nd2b3 Qd4xf2

0-1

[Event "Match"]
[Site "www.echecsemail.com"]
[Date "2015.07.20"]
[Round "1"]
[White "Pinehill"]
[Black "Llord"]
[WhiteElo "1810"]
[BlackElo "1780"]
[Result "0-1"]
[Round "1"]
1.e4 e5
2.d4 d6
3.Ng1f3 Nb8c6
4.d5 Nc6e7
5.c4 Bc8g4
6.h3 Bg4xf3
7.Qd1xf3 Ng8f6
8.Bc1g5 Nf6d7
9.Bf1d3 f6
10.Bg5d2 Nd7c5
11.Bd3c2 Ne7g6
12.Nb1c3 Bf8e7
13.O-O-O O-O
14.Kb1 Ng6h4
15.Qf3g3 f5
16.exf5 Nh4xf5
17.Bc2xf5 Be7h4
18.Qg3g4 Bh4f6
19.b4 Nc5a6
20.a3 c6
21.Nc3e4 cxd5
22.cxd5 Na6c7
23.Bd2h6 a5
24.Rd1d3 axb4
25.Rh1c1 bxa3
26.Ne4xf6 Qd8xf6
27.Bh6xg7 Qf6xg7
28.Rc1xc7 Qg7xg4
29.Bf5xg4 Rf8xf2
30.Bg4e6 Kh8
31.Rd3g3 a2
32.Ka1 Rf2f1
{ resign }
0-1

[Event "Match"]
[Site "www.echecsemail.com"]
[Date "2015.07.20"]
[Round "1"]
[White "Orae"]
[Black "Norbos"]
[WhiteElo "1589"]
[BlackElo "1600"]
[Result "0-1"]
[Round "1"]
1.e4 e5
2.Ng1f3 d6
3.Bf1c4 Qd8d7
4.Nf3g5 Ng8h6
5.Qd1e2 b6
6.d3 f6
7.Bc4e6 Qd7d8
8.Be6xc8 fxg5
9.Bc8e6 Nb8c6
10.Be6d5 Qd8d7
11.Bc1xg5 Nc6d4
12.Qe2d1 Ra8b8
13.c3 Nd4b5
14.a4 c6
15.axb5 cxd5
16.Nb1a3 Qd7e6
17.c4 dxe4
18.dxe4 Nh6f7
19.Bg5e3 Bf8e7
20.Na3c2 Qe6xc4
21.f3 Qc4xb5
22.Ra1xa7 Qb5xb2
23.O-O Qb2c3
24.Be3d2 Qc3c6
25.Ra7a1 O-O
26.Ra1c1 Qc6b5
27.Rc1b1 Qb5d7
28.Qd1e1 Qd7c6
29.Nc2b4 Qc6b5
30.Nb4d5 Qb5e8
31.Nd5c7 Qe8d7
32.Nc7d5 h6
33.Bd2e3 Qd7d8
34.Be3xb6 Qd8d7
35.f4 exf4
36.Rf1xf4 Nf7e5
37.Qe1g3 g5
38.Rb1f1 Ne5g6
39.Rf4f2 Qd7e6
40.Bb6e3 Qe6xe4
41.Nd5c3 Qe4c4
42.Be3a7 Rb8b3
43.Rf1c1 Qc4d5
44.Rf2c2 Qd5c4
45.h4 Ng6xh4
46.Qg3e3 Rb3b7
47.Ba7d4 Nh4f5
48.Qe3e4 Nf5xd4
49.Qe4g6 Kh8
50.Qg6xh6 Kg8
51.Nc3e4 Nd4e2
52.Kh1 Qc4xe4
53.Rc2c4 Ne2g3
54.Kh2 Qe4e5
55.Qh6g6 Kh8
56.Qg6h6 Kg8
57.Qh6g6 Qe5g7
58.Qg6e6 Qg7f7
59.Qe6g4 Rb7b3
60.Qg4d1 Qf7h7
61.Kg1 Qh7h1

0-1

[Event "Match"]
[Site "www.echecsemail.com"]
[Date "2015.07.20"]
[Round "1"]
[White "Billyg"]
[Black "Standingpawn"]
[WhiteElo "1560"]
[BlackElo "1499"]
[Result "0-1"]
[Round "1"]
1.e4 e5
2.Ng1f3 d6
3.d4 f6
4.h3 Nb8c6
5.d5 Nc6e7
6.Nb1c3 c5
7.Bf1b5 Bc8d7
8.Bb5xd7 Qd8xd7
9.O-O g5
10.h4 h6
11.Nf3d2 Ne7g6
12.Nd2c4 Ng6xh4
13.Bc1e3 g4
14.a4 h5
15.f4 O-O-O
16.f5 Qd7g7
17.Qd1d2 g3
18.Nc3b5 b6
19.a5 a6
20.Nb5a3 b5
21.Nc4b6 Kb7
22.b4 c4
23.Na3b1 Qg7g4
24.Nb1c3 Bf8h6
25.Be3xh6 Ng8xh6
26.Nc3e2 Qg4xe4
27.Ne2xg3 Qe4g4
28.Ng3h1 Nh6xf5
29.Rf1e1 Nh4f3
{ resign }
0-1

[Event "Match"]
[Site "www.echecsemail.com"]
[Date "2015.07.20"]
[Round "1"]
[White "Pgcbies"]
[Black "Levelibeka"]
[WhiteElo "2680"]
[BlackElo "2570"]
[Result "1-0"]
[Round "1"]
1.e4 c5
2.Ng1f3 d6
3.d4 cxd4
4.Nf3xd4 Ng8f6
5.Nb1c3 a6
6.Bc1g5 e6
7.f4 Bf8e7
8.Qd1f3 Nb8d7
9.O-O-O Qd8c7
10.Bf1d3 Nd7c5
11.Rh1e1 h6
12.Qf3h3 Bc8d7
13.Bg5h4 O-O-O
14.Qh3f3  { time }
1-0

[Event "Match"]
[Site "www.echecsemail.com"]
[Date "2015.07.20"]
[Round "1"]
[White "Levelibeka"]
[Black "Jpmartinez"]
[WhiteElo "2570"]
[BlackElo "2590"]
[Result "0-1"]
[Round "1"]
1.e4 Ng8f6
2.e5 Nf6d5
3.d4 d6
4.Ng1f3 g6
5.Bf1b5 c6
6.Bb5e2 dxe5
7.Nf3xe5 Bf8g7
8.O-O O-O
9.Ne5f3 Bc8f5
10.c4 Nd5b4
11.Nb1c3 Bf5c2
12.Qd1d2 Bc2f5
13.h3 Nb4c2
14.g4 Nc2xa1
15.gxf5 Nb8a6
16.b3 Na6b4
17.Nc3a4 Na1c2
18.a3 Nc2xd4
19.Nf3xd4 Qd8xd4
20.Qd2xb4 gxf5
21.Rf1d1 Qd4e4
 { time }
0-1

[Event "Match"]
[Site "www.echecsemail.com"]
[Date "2015.07.20"]
[Round "1"]
[White "Reanna"]
[Black "Ruko"]
[WhiteElo "1590"]
[BlackElo "1680"]
[Result "0-1"]
[Round "1"]
1.c4 Ng8f6
2.d4 e6
3.Ng1f3 b6
4.Bc1f4 Bc8b7
5.Nb1c3 Bf8b4
6.Qd1c2 d5
7.e3 c5
8.a3 Bb4xc3
9.bxc3 dxc4
10.Bf1xc4 Bb7xf3
11.gxf3 O-O
12.Rh1g1 Kh8
13.Bf4e5 Nb8d7
14.Ra1d1 Qd8e7
15.f4 Nd7xe5
16.dxe5 Nf6d7
17.Bc4b5 Rf8d8
18.Qc2e4 Ra8b8
19.f5 exf5
20.Qe4xf5 Nd7xe5
21.Rd1xd8 Rb8xd8
22.Ke2 Qe7d6
23.Rg1e1 Qd6d2
24.Kf1 Ne5g6
25.Qf5xf7 Qd2xc3
26.Bb5e8 Qc3e5
27.Be8b5 Qe5xh2
28.Bb5d3 Rd8f8
29.Qf7a2 Ng6e5
30.Bd3e4 h6
31.a4 Ne5g4
32.Re1e2 Rf8e8
33.Be4f3 Ng4xe3
34.fxe3 Qh2h3
35.Bf3g2 Re8f8
36.Re2f2 Rf8xf2
37.Qa2xf2 Qh3g4
 { time }
0-1

[Event "Match"]
[Site "www.echecsemail.com"]
[Date "2015.07.20"]
[Round "1"]
[White "Caspito"]
[Black "Ruko"]
[WhiteElo "1760"]
[BlackElo "1680"]
[Result "0-1"]
[Round "1"]
1.e4 e5
2.Ng1f3 Nb8c6
3.Bf1c4 Bf8c5
4.c3 Ng8f6
5.Nf3g5 O-O
6.Ng5xf7 Rf8xf7
7.O-O d5
8.exd5 Nf6xd5
9.d4 exd4
10.Qd1h5 Rf7f5
11.Qh5e2 Kh8
12.Nb1d2 dxc3
13.Bc4xd5 Qd8xd5
14.bxc3 Bc8d7
15.Bc1b2 Ra8f8
16.c4 Qd5f7
17.Nd2f3 Bd7e6
18.Bb2xg7 Kxg7
19.Ra1c1 Nc6d4
20.Qe2e4 Nd4xf3
21.gxf3 Rf5g5
22.Kh1 Qf7xf3
23.Qe4xf3 Rf8xf3
{ resign }
0-1